Statistics for Random Tagalog Words #1

Click here to take the quiz!

General Stats

  • This quiz has been taken 281 times
    (280 since last reset)
  • The average score is 15 of 20

Answer Stats

TagalogEnglish% Correct
AkoI/Me
99%
MahalExpensive/Love
90%
MainitHot
86%
ItoThis
86%
TubigWater
86%
DamitClothes
81%
BagoNew
80%
ArawDay/Araw
79%
MabutiGood
79%
TaoHuman/Person
78%
IlawLight
76%
TulongHelp
75%
TaonYear
73%
LumaOld
72%
BilogCircle
70%
UnaFirst
69%
MasamaBad
68%
SalitaWord
54%
GamitThings
50%
IbabawOver
15%

Score Distribution

Percentile by Number Answered

Percent of People with Each Score

Your Score History

You have not taken this quiz since the last reset